Statistics for General School Subjects

Click here to take the quiz!

General Stats

  • This quiz has been taken 783 times
    (347 since last reset)
  • The average score is 14 of 22

Answer Stats

Answer % Correct
Mathematics
99%
English
98%
Biology
97%
Chemistry
97%
Physics
96%
History
91%
French
80%
Art
78%
PE
77%
Spanish
77%
Geography
73%
Music
71%
German
69%
Religious Studies
59%
ICT
57%
Drama
51%
Latin
34%
Economics
33%
Design and Technology
22%
Psychology
20%
Buisness Studies
16%
Classical Civilisation
7%

Score Distribution

Percentile by Number Answered

Percent of People with Each Score

Your Score History

You have not taken this quiz since the last reset